000 00407nam a22001697a 4500
003 SGT
020 _a9789393330017
082 _a616.904
_bA22K
100 _aKANUNGO. REBS,ed.
245 _aANANTHANARAYAN & PANIKAR'S TEXT BOOK OF MICROBIOLOGY
250 _a12TH
260 _aINDIA
_bUNIVERSITY PRESS
_c2022
300 _a658
650 _aMICROBIOLOGY
653 _aMICROBIOLOGY
942 _2ddc
_cBK
_015
999 _c22869
_d22869